000 02513cam a22004098i 4500
001 23351373
005 20260512164032.0
008 231016s2024 nju 000 0 eng c
010 _a 2023047410
020 _a9781119984818
020 _z9781119984825
020 _z9781119984979
035 _a23351373
042 _apcc
082 0 0 _a658.827 WHE
100 1 _aWheeler, Alina,
245 1 0 _aDesigning Brand Identity : A Comprehensive guide to the world of brands and branding
250 _aSixth edition.
260 _aNew Jersey
_bWiley, Hoboken
_c2024
263 _a2401
264 1 _aHoboken, New Jersey :
_bWiley,
_c[2024]
264 4 _c©2024
300 _a332;. P. 28 cm
336 _atext
_btxt
_2rdacontent
337 _aunmediated
_bn
_2rdamedia
338 _avolume
_bnc
_2rdacarrier
520 _a"From research to brand strategy to design execution, launch and governance, Designing Brand identity is a compendium of tools for branding success and best practices for inspiration. The best-selling book demystifies branding, explains branding fundamentals, and gives practitioners a roadmap to create sustainable and successful brands. This revised and updated 6th edition will preserve the basic structure of the book (fundamentals, process, and strategy). With each topic covered in a single spread, the book continues to celebrate great design and strategy--while adding new thinking, new case studies, and more future-facing, global perspectives. Designing Brand Identity, 6th Edition, has been revised and updated throughout to address the challenges faced by branding professionals today. It's harder than ever to be the brand of choice--in many markets, technology has lowered the barriers to entry, increasing competition. The need for fresh content is relentless. Everything is digital, and rebranding projects that previously took a year are now finished in three months. Decisions that used to be straightforward are now complicated by the pandemic, political polarization, rapid advances in technology, and other social and cultural changes"--
650 0 _aBrand Name Products.
650 0 _aBranding (Marketing)
650 0 _aTrademarks
650 0 _aAdvertising
700 1 _aMeyerson, Rob,
776 0 8 _iOnline version:
_aWheeler, Alina.
_tDesigning brand identity.
_bSixth edition
_dHoboken, New Jersey : Wiley, [2024]
_z9781119984825
_w(DLC) 2023047411
906 _a7
_bcbc
_corignew
_d1
_eecip
_f20
_gy-gencatlg
942 _cBK
999 _c46531
_d46531